Určenie štruktúrnych parametrov proteínu G (GB1) z nameraných NMR dát bakalárska práca
Gespeichert in:
| 1. Verfasser: | |
|---|---|
| Format: | Buch |
| Sprache: | Slowakisch |
| Veröffentlicht: |
Bratislava
STU FCHPT
2014
|
| Online-Zugang: | Im OPAC anzeigen |
| Tags: |
Keine Tags, Fügen Sie das erste Tag hinzu!
|
MARC
| LEADER | 00000nam a2200000 a 4500 | ||
|---|---|---|---|
| 005 | 20260127134231.0 | ||
| 008 | 140815 2014 000 0 slo d | ||
| 035 | |a vtls010614549 | ||
| 039 | 9 | |y 201408151322 |z mschk03 | |
| 040 | |a STUSCHK1 |b slo |c STUSCHK1 |e AACR2 | ||
| 100 | 1 | |a Méhesová, Edina | |
| 245 | 1 | |a Určenie štruktúrnych parametrov proteínu G (GB1) z nameraných NMR dát |b bakalárska práca |c Edina Méhesová | |
| 260 | |a Bratislava |b STU FCHPT |c 2014 | ||
| 300 | |a 45 s. |b Obr., tab. |c 30 cm | ||
| 500 | |a Obhájené: 15.7.2014 | ||
| 500 | |a Štud. program: biotechnológia a potravinárska technológia | ||
| 500 | |a Štud. odbor: biotechnologie | ||
| 500 | |a Škol. pracovisko: Odd. NMR a hmotnostnej spektrometrie | ||
| 500 | |a Evid. číslo: FCHPT-13567-44165 | ||
| 910 | |a SCHK95 | ||
| 999 | |c 7391 |d 7391 | ||